Sportarten erraten- Bildquiz - Statistiken

Allgemein
  • Dieses Quiz wurde 816 mal gespielt
  • Das Durchschnittsergebnis liegt bei 15 aus 16
Antwortstatistiken
Bildquiz Antwort % Korrekt
Tennis
100%
Fußball
99%
Basketball
98%
Ski
98%
Golf
97%
Dart
96%
Boxen
95%
Surfen
95%
Volleyball
95%
Klettern
94%
Rugby
94%
Badminton
90%
Bogenschießen
90%
Fechten
89%
Laufen
88%
Mountainbike
66%
Keine übereinstimmenden Quizze gefunden
Verteilung der Resultate
Anzahl Personen mit jedem Resultat
Perzentil nach korrekt beantworteten Fragen
Ihre Resultats-Entwicklung
Sie haben dieses Quiz noch nicht gespielt